विश्वदर्शन / (Record no. 212037)

MARC details
000 -LEADER
fixed length control field 00721nam a22001937a 4500
005 - DATE AND TIME OF LATEST TRANSACTION
control field 20250717152800.0
010 ## - LCCN (DPL NO)
LC control number HIN-129884
020 ## - INTERNATIONAL STANDARD BOOK NUMBER
Terms of availability 35.00
035 ## - SYSTEM CONTROL NUMBER
System control number HN-102267
037 ## - SOURCE OF ACQUISITION
Source of stock number/acquisition DBAD
082 ## - DEWEY DECIMAL CLASSIFICATION NUMBER
Classification number 220.2
100 ## - MAIN ENTRY--PERSONAL NAME
Personal name रजदास
245 ## - TITLE STATEMENT
Title विश्वदर्शन /
Statement of responsibility, etc रजदास
250 ## - EDITION STATEMENT
Edition statement 1
260 ## - PUBLICATION, DISTRIBUTION, ETC. (IMPRINT)
Place of publication, distribution, etc म.प्र .
Name of publisher, distributor, etc सर्वधर्म समन्वय प्रकाशन
Date of publication, distribution, etc 2014
270 ## - ADDRESS
City सीधी , म.प्र.
Address कांग्रेस भवन , स्टेट बैंक के पास सीधी
300 ## - PHYSICAL DESCRIPTION
Extent 56 ,पृ.
Other physical details 20.5 से.मी.(सजिल्द)
942 ## - ADDED ENTRY ELEMENTS (KOHA)
Source of classification or shelving scheme Dewey Decimal Classification
Item type Hindi Books
Classification part 220.2
Call number suffix रजद
Edition 1
Holdings
Withdrawn status Lost status Not for loan Collection code Home library Current library Date acquired Source of acquisition Cost, normal purchase price Full call number Barcode Copy number Cost, replacement price Koha item type
      Non-fiction Ashok Vihar Ashok Vihar 17/07/2025 DBAD 35.00 220.2 रजद hn-102267 1 35.00 Hindi Books

© Delhi Public Library
Hit Counter
free hit counter